Tribhuvan University Central Library

Animal breeding, artificial insemination & animal health II / (Record no. 116083)

MARC details
000 -LEADER
fixed length control field 00798nam a22002657a 4500
008 - FIXED-LENGTH DATA ELEMENTS--GENERAL INFORMATION
fixed length control field 240814b |||||||| |||| 00| 0 eng d
020 ## - INTERNATIONAL STANDARD BOOK NUMBER
International Standard Book Number 9789937759120
082 ## - DEWEY DECIMAL CLASSIFICATION NUMBER
Edition number 23rd
Classification number 636.082
Item number An54
245 ## - TITLE STATEMENT
Title Animal breeding, artificial insemination & animal health II /
Statement of responsibility, etc. Kiran Timilsena...[et.al.].
260 ## - PUBLICATION, DISTRIBUTION, ETC.
Place of publication, distribution, etc. Kathmandu:
Name of publisher, distributor, etc. Samiksha Publication,
Date of publication, distribution, etc. 2078BS.
300 ## - PHYSICAL DESCRIPTION
Extent 180p. : ill.
650 ## - SUBJECT ADDED ENTRY--TOPICAL TERM
Topical term or geographic name entry element Animal breeding.
650 ## - SUBJECT ADDED ENTRY--TOPICAL TERM
Topical term or geographic name entry element Animal Health.
9 (RLIN) 10242
700 ## - ADDED ENTRY--PERSONAL NAME
Personal name Timilsena, Kiran
700 ## - ADDED ENTRY--PERSONAL NAME
Personal name Gyawali, Bibek
700 ## - ADDED ENTRY--PERSONAL NAME
Personal name Rana, Madan
700 ## - ADDED ENTRY--PERSONAL NAME
Personal name Gautam, Anil
700 ## - ADDED ENTRY--PERSONAL NAME
Personal name Regmi, Dipendra
700 ## - ADDED ENTRY--PERSONAL NAME
Personal name K C, Bishwas
700 ## - ADDED ENTRY--PERSONAL NAME
Personal name Khanal, Ashwini (ed.)
700 ## - ADDED ENTRY--PERSONAL NAME
Personal name Burlakoti, Saroj (ed.)
700 ## - ADDED ENTRY--PERSONAL NAME
Personal name Khanal, Sudeep (ed.)
700 ## - ADDED ENTRY--PERSONAL NAME
Personal name K C, Mahesh (ed.)
942 ## - ADDED ENTRY ELEMENTS (KOHA)
Source of classification or shelving scheme Dewey Decimal Classification
Koha item type ISBN
Holdings
Withdrawn status Lost status Source of classification or shelving scheme Damaged status Not for loan Home library Current library Date acquired Total Checkouts Full call number Barcode Date last seen Price effective from Koha item type
    Dewey Decimal Classification     Tribhuvan University Central Library Tribhuvan University Central Library 08/14/2024   636.082 An54 IS25661 08/14/2024 08/14/2024 ISBN
    Dewey Decimal Classification     Tribhuvan University Central Library Tribhuvan University Central Library 08/14/2024   636.082 An54 IS25662 08/14/2024 08/14/2024 ISBN